| 000 | 00774nam a2200229 a 4500 | ||
|---|---|---|---|
| 001 | 47042 | ||
| 003 | BD-RjUL | ||
| 005 | 20211209054242.0 | ||
| 008 | 160419s2005 bg ||||| |||| 00| 0 ben d | ||
| 020 |
_a9844125603 _c: TK 250.00 |
||
| 035 | _a(BD-RjUL)47161 | ||
| 040 |
_aBD-RjUL _bben _cBD-RjUL _dBD-RjUL |
||
| 041 | _aben | ||
| 082 |
_223 _a363.7 _bPAP 2005 |
||
| 100 |
_aপাল, নিশীথ কুমার _9122889 |
||
| 245 | 1 | 0 |
_aপ্রকৃতি, পরিবেশ ও মানুষ / _cনিশীথ কুমার পাল, |
| 260 |
_aঢাকা : _bঅনন্যা, _c২০০৫ |
||
| 300 |
_a৩৩১ পৃ. ; _c২১ সেমি. |
||
| 650 |
_aপরিবেশ _9170337 |
||
| 650 |
_aEnvironment _9179730 |
||
| 942 |
_2ddc _cBK |
||
| 999 |
_c47042 _d47042 |
||